Catálogo público

Manual de buenas prácticas agrícolas y de manejo para el cultivo del melón cantaloupe (Cucumis melo L.) en la región de Casimiro Castilla, Jal. / (Record no. 207634)

MARC details
000 -CABECERA
campo de control de longitud fija 01033nam a2200289Ia 4500
001 - NÚMERO DE CONTROL
campo de control Para_8871
003 - IDENTIFICADOR DEL NÚMERO DE CONTROL
campo de control CHAP
008 - DATOS DE LONGITUD FIJA--INFORMACIÓN GENERAL
campo de control de longitud fija 220125s2003 xx 000 0 und d
010 ## - NÚMERO DE CONTROL DE LA BIBLIOTECA DEL CONGRESO
Número de control de LC 207634
040 ## - FUENTE DE LA CATALOGACIÓN
Centro/agencia transcriptor CHAP
082 ## - NÚMERO DE LA CLASIFICACIÓN DECIMAL DEWEY
Número de clasificación PA 635.611 O5
100 ## - ENTRADA PRINCIPAL--NOMBRE DE PERSONA
Nombre de persona Ontiveros Nuño, Sergio M.
9 (RLIN) 174114
245 ## - MENCIÓN DE TÍTULO
Título Manual de buenas prácticas agrícolas y de manejo para el cultivo del melón cantaloupe (Cucumis melo L.) en la región de Casimiro Castilla, Jal. /
Mención de responsabilidad, etc. por Sergio M. Ontiveros Nuño
260 ## - PUBLICACIÓN, DISTRIBUCIÓN, ETC.
Lugar de publicación, distribución, etc. Jalisco, Méx. :
Nombre del editor, distribuidor, etc. CESAVEJAL
300 ## - DESCRIPCIÓN FÍSICA
Extensión 141 p.
440 ## - MENCIÓN DE SERIE/PUNTO DE ACCESO ADICIONAL--TÍTULO
Título Proyecto de Inocuidad alimentaria para productores agrícolas en el estado de Jalisco/ CESAVEJAL
9 (RLIN) 174166
650 ## - PUNTO DE ACCESO ADICIONAL DE MATERIA--TÉRMINO DE MATERIA
Término de materia o nombre geográfico como elemento de entrada Melón
Subdivisión general empaque
9 (RLIN) 74448
650 ## - PUNTO DE ACCESO ADICIONAL DE MATERIA--TÉRMINO DE MATERIA
Término de materia o nombre geográfico como elemento de entrada Melón
Subdivisión general Jalisco
9 (RLIN) 174167
710 ## - PUNTO DE ACCESO ADICIONAL--NOMBRE DE ENTIDAD CORPORATIVA
Nombre de entidad corporativa o nombre de jurisdicción como elemento de entrada Comité Estatal de Sanidad Vegetal de Jalisco (CESAVEJAL)
9 (RLIN) 174168
901 ## - ELEMENTOS DE DATOS A LOCAL LDA (RLIN)
a PA 635.611 O5
902 ## - ELEMENTOS DE DATOS B LOCAL, LDB (RLIN)
a A
905 ## - ELEMENTOS DE DATOS E LOCAL, LDE (RLIN)
a 0000002003 adn 0000000000 00
910 ## - DATOS DE OPCIÓN DEL USUARIO (OCLC)
Datos de opción del usuario 2003
942 ## - ELEMENTOS DE PUNTO DE ACCESO ADICIONAL (KOHA)
Tipo de ítem Koha Parasitologia_
942 ## - ELEMENTOS DE PUNTO DE ACCESO ADICIONAL (KOHA)
Tipo de ítem Koha Parasitologia_
-- 1
Holdings
Estado de retiro Estado de pérdida Fuente del sistema de clasificación o colocación Estado dañado No para préstamo Código de colección Localización permanente Ubicación/localización actual Ubicación en estantería Fecha de adquisición Información codificada de la localización en otra ubicación Total de préstamos Código de barras Fecha visto por última vez Precio válido a partir de Tipo de ítem Koha Nota pública
    Dewey Decimal Classification     General Parasitologia Agricola Parasitologia Agricola   27/10/2005 PARA   PA_8624 25/01/2022 25/01/2022 Libro 3